A practical guide to Ventura 4.0 for Windows (Record no. 162650)

MARC details
000 -LEADER
fixed length control field 00352nam a2200145Ia 4500
008 - FIXED-LENGTH DATA ELEMENTS--GENERAL INFORMATION
fixed length control field 231217s9999 xx 000 0 und d
041 ## - LANGUAGE CODE
Language code of text/sound track or separate title English
082 ## - DEWEY DECIMAL CLASSIFICATION NUMBER
Classification number 001.6424 MEH `R'
100 ## - MAIN ENTRY--PERSONAL NAME
Personal name Mehta, Subhash.
245 #2 - TITLE STATEMENT
Title A practical guide to Ventura 4.0 for Windows
260 ## - PUBLICATION, DISTRIBUTION, ETC.
Date of publication, distribution, etc. 1992
Name of publisher, distributor, etc. S K W
300 ## - PHYSICAL DESCRIPTION
Extent 148
650 ## - SUBJECT ADDED ENTRY--TOPICAL TERM
Topical term or geographic name entry element Ventura
942 ## - ADDED ENTRY ELEMENTS (KOHA)
Koha item type Books
Holdings
Date last seen Total checkouts Full call number Accession number Cost, total (INR) price Price effective from Category Lost status Damaged status Department Withdrawn status Home library Current library Shelving location Entry date Cost, normal purchase price Grants Billnumber Billdate Currency symbol Conversion rate Discount Old discount Vendor
26/01/2024   001.6424 MEH `R' 5411 45.90 26/01/2024 Books     Central Library   Central Library Central Library Library Annex 10/04/1993 54.00 CS 164 21/11/1995 RS 1 8.1 15  
26/01/2024   001.6424 MEH 5412 45.90 26/01/2024 Books     Central Library   Central Library Central Library   10/04/1993 54.00 CS 164 21/11/1995 RS 1 8.1 15 Gangarams books bureu

© For any Suggestions or Query, please contact the library staff @ librarian@pes.edu or Phone: +9180 2672 1983/ 2108.